000 00549nam a2200193Ia 4500
999 _c34268
_d34268
003 OSt
005 20200909111651.0
008 190216s9999||||xx |||||||||||||| ||und||
020 _a9788177582796
040 _coclc
082 _a539
_bBRA/P
100 _aBransden, B H
_94437
245 0 _aPhysics Of Atoms And Molecules /
_cB H Bransden ; C J Joachain
250 _a2nd Ed.
260 _bPearson Education Asia,
_c2009.
_aNew Delhi:
300 _a1114p
650 _aPhysics
942 _cBK
_2ddc
_h539
_iBRA/P
_k539
_mBRA/P